[Event "2nd Guotai Cup Belt Road 2019"]
[Site "Qinhuangdao"]
[Date "2019.04.18"]
[Round "3.8"]
[White "Zou, Chen"]
[Black "Oleksiyenko, Mykhaylo"]
[Result "*"]
[WhiteElo "2397"]
[BlackElo "2598"]
[Annotator "TA"]
[PlyCount "36"]
[EventDate "2019.04.16"]
[EventType "swiss"]
[EventCountry "CHN"]
[SourceTitle "playchess.com"]
[Source "ChessBase"]
[SourceQuality "1"]

{[%evp 20,24,23,22,28,19,31]} 1. d4 Nf6 2. c4 g6 3. Nc3 Bg7 4. e4 d6 5. Nf3 O-O 6. h3 e5 7. d5 a5 8. Bg5 Na6 9. g4 Nc5 10. Nd2 c6 11. Be2 Bd7 {E92: King's Indian: Classical: 6 Be2 e5: 7 dxe5, 7 Be3 and Petrosian System without 7...Nbd7} 12. Be3 (12. h4 a4 13. a3 Qa5 14. Kf1 cxd5 15. cxd5 b5 16. Be3 Rab8 17. h5 b4 18. axb4 Rxb4 19. Bxc5 Qxc5 {0-1 (27) Grischuk,A (2792)-Morozevich,A (2731) Dubai 2014}) 12... a4 {Predecessor:} 13. g5 $146 Ne8 14. h4 Nc7 15. h5 cxd5 16. cxd5 b5 17. a3 Rb8 18. Na2 N7a6 {0-1 (44) Cheng,B (2483)-Libiszewski,F (2540) Melbourne 2017} *

[Event "2nd Guotai Cup Belt Road 2019"]
[Site "Qinhuangdao"]
[Date "2019.04.18"]
[Round "3.9"]
[White "Idani, Pouya"]
[Black "Tuvsanaa, Nyamaa"]
[Result "1-0"]
[WhiteElo "2590"]
[BlackElo "2212"]
[Annotator "TA"]
[PlyCount "89"]
[EventDate "2019.04.16"]
[EventType "swiss"]
[EventCountry "CHN"]
[SourceTitle "playchess.com"]
[Source "ChessBase"]
[SourceQuality "1"]

{[%evp 9,89,-2,8,0,0,-24,-11,-27,6,7,0,5,20,18,54,45,99,97,100,100,95,83,74,78,75,51,52,55,31,33,73,75,78,78,78,78,78,74,78,67,70,68,83,67,67,66,73,76,83,83,83,85,102,62,67,57,70,67,102,66,156,160,358,375,585,521,547,572,564,547,543,494,485,483,822,801,749,605,5093,1501,5089,4596]} 1. c4 e5 2. d3 Nf6 3. Nf3 Nc6 4. a3 d5 5. cxd5 Nxd5 6. e3 {A20: English Opening: 1...e5} Be7 (6... a5 7. Be2 Bd6 8. b3 O-O 9. Bb2 f5 10. Nbd2 Qe7 11. Qc2 Bd7 {1-0 (52) Shankland,S (2725)-Van Foreest,J (2612) Wijk aan Zee 2019}) 7. e4 $146 ({Predecessor:} 7. b4 Bf6 8. Ra2 O-O 9. Rd2 Qe7 10. Bb2 Bg4 11. Be2 {½-½ (57) Damia,A (2313)-Calavalle,G (2275) Lignano Sabbiadoro 2018}) 7... Nb6 8. Be2 {The position is equal.} g5 9. h3 h5 10. Be3 Rg8 11. Nh2 Be6 12. Bxh5 Nd4 (12... Qd7 $14) 13. Nd2 $16 Qd6 14. Rc1 O-O-O 15. Bxd4 Qxd4 {[#]} 16. Qc2 $1 {[%csl Gc1][%cal Rc2c7]} c6 17. Nhf3 Qd6 18. Bg4 Bxg4 19. hxg4 f6 20. Rh7 Rh8 21. Rxh8 Rxh8 {[#]} 22. Nf1 $1 {[%cal Bd2f1,Bf1e3,Be3f5][%mdl 32]} Rh1 23. Ke2 Nd7 24. Ne3 Rxc1 25. Qxc1 Nc5 26. Qc2 Ne6 27. g3 Qd7 28. Nf5 Bc5 29. b4 Bb6 30. Qc4 a6 31. Kf1 Kb8 32. Kg2 Ka8 33. Nd2 Nd4 34. Nb3 Nxf5 ({Black should try} 34... Nxb3 $14 35. Qxb3 Kb8) 35. gxf5 Qh7 $2 (35... g4 $16 36. a4 Qd8) 36. Nc5 $18 Bxc5 (36... Ka7 $142 37. d4 exd4 38. Qxd4 Qe7) 37. Qxc5 {[%mdl 4096] Endgame KQ-KQ. White is clearly winning.} ({Not} 37. bxc5 Qd7 $18) 37... Qf7 38. d4 exd4 39. Qxd4 {Threatens to win with e5.} Qe7 40. Kf3 Kb8 41. Qc5 Qd8 (41... g4+ $142 42. Kxg4 Qxe4+ 43. Kh5 Qe8+ 44. Kh6 Kc7) 42. Kg4 Kc7 43. Qa5+ Kc8 44. Qxd8+ Kxd8 45. f4 {Accuracy: White = 76%, Black = 31%.} 1-0

[Event "2nd Guotai Cup Belt Road 2019"]
[Site "Qinhuangdao"]
[Date "2019.04.18"]
[Round "3.10"]
[White "Ma, Lin"]
[Black "Fang, Yuxiang"]
[Result "*"]
[WhiteElo "2167"]
[BlackElo "2472"]
[Annotator "TA"]
[PlyCount "19"]
[EventDate "2019.04.16"]
[EventType "swiss"]
[EventCountry "CHN"]
[SourceTitle "playchess.com"]
[Source "ChessBase"]
[SourceQuality "1"]

{[%evp 9,9,47]} 1. d4 c5 2. d5 e5 3. dxe6 dxe6 (3... fxe6 4. e4 Nc6 5. Nc3 Nf6 6. f4 d5 7. e5 Ng8 8. g3 Nh6 9. Bh3 Be7 10. Nf3 O-O 11. O-O a6 12. Ne2 b5 13. g4 {1-0 (23) Darini,P (2509)-Khodashenas,M (2385) Teheran 2016}) 4. Qxd8+ Kxd8 5. e4 {Predecessor:} Nc6 $146 6. c3 Nf6 7. f3 Bd6 8. Be3 Ke7 9. Nd2 b6 10. Bc4 {½-½ (10) Alcaraz Ortega,J (2248)-Palencia Morales,G (2326) Mislata 2011} *

[Event "2nd Guotai Cup Belt Road 2019"]
[Site "Qinhuangdao"]
[Date "2019.04.18"]
[Round "3.10"]
[White "Ma, Lin"]
[Black "Fang, Yuxiang"]
[Result "1/2-1/2"]
[WhiteElo "2167"]
[BlackElo "2472"]
[Annotator "TA"]
[PlyCount "73"]
[EventDate "2019.04.16"]
[EventType "swiss"]
[EventCountry "CHN"]
[SourceTitle "playchess.com"]
[Source "ChessBase"]
[SourceQuality "1"]

{[%evp 9,73,48,56,22,23,1,22,16,36,29,38,11,27,12,11,8,26,24,54,45,59,58,58,59,60,50,61,50,77,37,64,41,129,107,112,99,160,170,166,168,190,184,195,191,216,214,196,87,80,8,8,8,8,8,8,8,47,45,45,45,50,0,0,0,47,-658]} 1. d4 c5 2. d5 e5 3. dxe6 dxe6 (3... fxe6 4. e4 Nc6 5. Nc3 Nf6 6. f4 d5 7. e5 Ng8 8. g3 Nh6 9. Bh3 Be7 10. Nf3 O-O 11. O-O a6 12. Ne2 b5 13. g4 {1-0 (23) Darini,P (2509)-Khodashenas,M (2385) Teheran 2016}) 4. Qxd8+ Kxd8 5. e4 Nc6 6. c3 {A44: Semi-Benoni} Nf6 7. Nd2 $146 ({Predecessor:} 7. f3 Bd6 8. Be3 Ke7 9. Nd2 b6 10. Bc4 {½-½ (10) Alcaraz Ortega,J (2248)-Palencia Morales,G (2326) Mislata 2011}) 7... Bd6 8. f3 {The position is equal.} Bd7 9. Nc4 Bc7 10. a4 Ke7 11. Be3 b6 12. Nh3 h6 13. Be2 g5 14. Nf2 Ne5 15. Nxe5 Bxe5 16. Nd3 Bc7 17. b4 cxb4 18. cxb4 Rac8 19. O-O Rhg8 20. Rfc1 g4 (20... Nh5 $14) 21. e5 $16 ({Much less strong is} 21. Bxh6 gxf3 22. Bxf3 Ng4 $14) 21... Nd5 22. Bxh6 f6 (22... Bb8 $142) 23. exf6+ ({Resist} 23. fxg4 $6 fxe5 24. Nf2 Bd6 $16) 23... Nxf6 {[#]} 24. f4 $1 a5 25. b5 Ne4 26. Nf2 Nxf2 27. Kxf2 e5 28. g3 (28. Bg5+ $18 {is more deadly.} Kf8 29. Bc4) 28... exf4 29. Bxf4 (29. gxf4 $16 {aiming for Bg5+.} Rh8 30. Bg5+ Kf7 31. Bc4+ Kg7 32. Re1) 29... Rgf8 $11 30. Rc4 {With the idea Rd1.} Bxf4 31. Rxf4 Rxf4+ 32. gxf4 {KRB-KRB} Rc2 33. Ke3 Rc3+ 34. Kd4 Rc2 35. Ke3 Rc3+ $1 36. Kd4 Rc2 37. Ke4 $2 {[%mdl 40960] Accuracy: White = 51%, Black = 48%. . An unexpected result.} (37. Bd3 $14 Rxh2 38. Ke5) 1/2-1/2

[Event "2nd Guotai Cup Belt Road 2019"]
[Site "Qinhuangdao"]
[Date "2019.04.19"]
[Round "4.1"]
[White "Dai, Changren"]
[Black "Oparin, Grigoriy"]
[Result "1/2-1/2"]
[WhiteElo "2472"]
[BlackElo "2624"]
[Annotator "TA"]
[PlyCount "46"]
[EventDate "2019.04.16"]
[EventType "swiss"]
[EventCountry "CHN"]
[SourceTitle "playchess.com"]
[Source "ChessBase"]
[SourceQuality "1"]

{[%evp 9,46,25,22,9,31,0,0,0,0,0,0,0,0,-8,-4,-15,-19,-27,-8,-14,-6,-14,0,-22,-13,-78,-20,-43,-15,-47,-50,-73,0,0,0,-76,0,0,0]} 1. e4 c6 2. d4 d5 3. e5 c5 4. dxc5 e6 5. Nf3 Bxc5 6. Bd3 {B12: Caro-Kann: Advance Variation} Ne7 7. a3 Ng6 8. b4 (8. O-O O-O 9. Nbd2 Nc6 10. b4 Bb6 11. Bxg6 fxg6 12. Nb3 Bd7 13. Re1 {1-0 (29) Anand,V (2773)-Mamedyarov,S (2817) Wijk aan Zee 2019}) 8... Be7 9. O-O O-O 10. Re1 $146 ({Predecessor:} 10. Bb2 Nf4 11. Nc3 a5 12. b5 a4 {0-1 (36) Fressinet,L (2649)-Piorun,K (2612) Batumi 2018}) 10... Nd7 11. Bb2 a5 12. b5 a4 13. c4 dxc4 14. Bxc4 b6 15. Nbd2 Bb7 16. Bf1 Nc5 $36 {[%mdl 2048] Black has good play.} 17. Nc4 {[#]} (17. Nd4 $11 {remains equal.}) 17... Qc7 (17... Nb3 $1 $17 {[%cal Rb3a1]} 18. Qxd8 Rfxd8) 18. Nd4 Rad8 (18... Rfd8 $5 {[%cal Rc5b3]} 19. Qc2 Rac8 $15) 19. Qc2 Rd7 20. Qc3 Ne4 21. Qc2 {[%mdl 64] [#] Double Attack} Nc5 ({Wrong is} 21... Nxe5 $2 22. Nxe5 Qxc2 23. Nxc2 $18) 22. Qc3 Ne4 ({Black should play} 22... Ba8 $17) 23. Qc2 $11 {[%mdl 64] Double Attack} Nc5 {Accuracy: White = 40%, Black = 40%.} ({Don't blunder} 23... Nxe5 $2 24. Nxe5 Qxc2 25. Nxc2 $18) 1/2-1/2

[Event "2nd Guotai Cup Belt Road 2019"]
[Site "Qinhuangdao"]
[Date "2019.04.19"]
[Round "4.2"]
[White "Xu, Yinglun"]
[Black "Yilmaz, Mustafa"]
[Result "1/2-1/2"]
[WhiteElo "2532"]
[BlackElo "2631"]
[Annotator "ChessBase"]
[PlyCount "41"]
[EventDate "2019.04.16"]
[EventType "swiss"]
[EventCountry "CHN"]
[SourceTitle "playchess.com"]
[Source "ChessBase"]
[SourceQuality "1"]
[TimeControl "5400+30"]

1. Nf3 {[%emt 0:00:00]} d5 {[%emt 0:08:00]} 2. d4 {[%emt 0:00:00]} Nf6 {[%emt 0:00:04]} 3. c4 {[%emt 0:00:00]} e6 {[%emt 0:00:06]} 4. Nc3 {[%emt 0:00:04]} Bb4 {[%emt 0:00:07]} 5. Bg5 {[%emt 0:03:34]} h6 {[%emt 0:01:09]} 6. Bxf6 {[%emt 0:00:08]} Qxf6 {[%emt 0:00:02]} 7. e3 {[%emt 0:00:10]} O-O {[%emt 0:00:15]} 8. Qb3 {[%emt 0:01:06]} c5 {[%emt 0:01:39]} 9. cxd5 {[%emt 0:00:28]} exd5 {[%emt 0:00:43]} 10. dxc5 {[%emt 0:00:06]} Bxc3+ {[%emt 0:00:57]} 11. Qxc3 {[%emt 0:00:07]} Qxc3+ {[%emt 0:00:04]} 12. bxc3 {[%emt 0:00:03]} Nd7 {[%emt 0:01:00]} 13. Rd1 {[%emt 0:01:14]} Nf6 {[%emt 0:01:11]} 14. Nd4 {[%emt 0:12:00]} Bd7 {[%emt 0:02:55]} 15. f3 {[%emt 0:32:14]} Rfc8 {[%emt 0:03:00]} 16. Rb1 {[%emt 0:00:06]} Rab8 {[%emt 0:04:54]} 17. Nb3 {[%emt 0:02:10]} Ba4 {[%emt 0:05:29]} 18. Bd3 {[%emt 0:00:24]} g6 {[%emt 0:08:27]} 19. Kd2 {[%emt 0:04:00]} Nd7 {[%emt 0:02:38]} 20. Rhc1 {[%emt 0:06:26]} Nxc5 {[%emt 0:02:14]} 21. Nxc5 {[%emt 0:00:45]} 1/2-1/2

[Event "2nd Guotai Cup Belt Road 2019"]
[Site "Qinhuangdao"]
[Date "2019.04.19"]
[Round "4.2"]
[White "Xu, Yinglun"]
[Black "Yilmaz, Mustafa"]
[Result "*"]
[WhiteElo "2532"]
[BlackElo "2631"]
[Annotator "TA"]
[PlyCount "39"]
[EventDate "2019.04.16"]
[EventType "swiss"]
[EventCountry "CHN"]
[SourceTitle "playchess.com"]
[Source "ChessBase"]
[SourceQuality "1"]

{[%evp 22,28,20,15,20,2,6,18,8]} 1. Nf3 d5 2. d4 Nf6 3. c4 e6 4. Nc3 Bb4 5. Bg5 h6 6. Bxf6 Qxf6 7. e3 O-O 8. Qb3 c5 9. cxd5 exd5 10. dxc5 Bxc3+ 11. Qxc3 Qxc3+ 12. bxc3 {The position is equal.} Nd7 {D38: Queen's Gambit Declined: Ragozin Defence (4 Nf3 Bb4)} 13. Rd1 Nf6 14. Nd4 Bd7 {[#]} {Predecessor:} 15. f3 $146 Rfc8 16. Nb3 b6 17. Ba6 Rc7 18. c4 dxc4 19. Bxc4 b5 20. Be2 {½-½ (52) Anton Guijarro,D (2679)-Inarkiev,E (2727) Poikovsky 2017} *

[Event "2nd Guotai Cup Belt Road 2019"]
[Site "Qinhuangdao"]
[Date "2019.04.19"]
[Round "4.3"]
[White "Antipov, Mikhail Al."]
[Black "Peng, Hongchi"]
[Result "1-0"]
[WhiteElo "2605"]
[BlackElo "2347"]
[Annotator "RC"]
[PlyCount "59"]
[EventDate "2019.04.16"]
[EventType "swiss"]
[EventCountry "CHN"]
[SourceTitle "playchess.com"]
[Source "ChessBase"]
[SourceQuality "1"]
[TimeControl "5400+30"]

1. g3 {[%emt 0:02:29]} d5 {[%emt 0:00:21]} 2. Nf3 {[%emt 0:00:08]} g6 {[%emt 0:00:22]} 3. c4 {[%emt 0:00:39]} c6 {[%emt 0:00:09]} 4. d4 {[%emt 0:02:20]} Bg7 {[%emt 0:00:12]} 5. Bg2 {[%emt 0:00:34]} Nf6 {[%emt 0:00:08]} 6. O-O {[%emt 0:01:14]} O-O {[%emt 0:00:07]} 7. b3 {[%emt 0:01:09]} b6 {[%emt 0:03:36]} 8. Bb2 {[%emt 0:00:29]} Bb7 {[%emt 0:07:08]} 9. Qc2 {[%emt 0:14:46]} Na6 {[%emt 0:11:18]} 10. Nc3 {[%emt 0:04:55]} c5 {[%emt 0:02:13]} 11. dxc5 {[%emt 0:19:57]} dxc4 {[%emt 0:04:58]} 12. bxc4 {[%emt 0:03:21]} Nxc5 {[%emt 0:02:34]} 13. Rfd1 {[%emt 0:00:07]} Qc8 {[%emt 0:01:21]} 14. Nd5 {[%emt 0:02:55]} Nxd5 {[%emt 0:11:12]} 15. cxd5 {[%emt 0:00:26]} Ne4 {[%emt 0:09:26]} 16. Qxe4 {[%emt 0:00:41]} Bxb2 {[%emt 0:00:04]} 17. Rab1 {[%emt 0:00:06]} Bf6 {[%emt 0:00:22]} 18. Qf4 {[%emt 0:11:01]} Qb8 {[%emt 0:20:33]} 19. d6 {[%emt 0:07:21]} Kg7 {[%emt 0:08:47]} 20. e4 {[%emt 0:00:56]} exd6 {[%emt 0:01:47]} 21. Rxd6 {[%emt 0:00:07]} Bd8 {[%emt 0:00:11]} 22. Rc1 {[%emt 0:05:51]} Re8 {[%emt 0:02:23]} 23. Ne5 {[%emt 0:02:06]} f5 {[%emt 0:05:41]} 24. Rd7+ {[%emt 0:04:15]} Kg8 {[%emt 0:01:39]} 25. Qh6 {[%emt 0:03:34]} Re7 {[%emt 0:00:11]} 26. Nxg6 {[%emt 0:00:05]} hxg6 {[%emt 0:00:22]} 27. Qxg6+ {[%emt 0:00:06]} Kf8 {[%emt 0:00:25]} 28. Qxf5+ {[%emt 0:01:36]} Kg7 {[%emt 0:00:03]} 29. Rcd1 {[%emt 0:01:35]} Bc6 {[%emt 0:00:55]} 30. R1d6 {[%emt 0:01:07]} 1-0

[Event "2nd Guotai Cup Belt Road 2019"]
[Site "Qinhuangdao"]
[Date "2019.04.19"]
[Round "4.4"]
[White "Zhang, Ziji"]
[Black "Wang, Hao"]
[Result "1/2-1/2"]
[WhiteElo "2414"]
[BlackElo "2726"]
[Annotator "TA"]
[PlyCount "78"]
[EventDate "2019.04.16"]
[EventType "swiss"]
[EventCountry "CHN"]
[SourceTitle "playchess.com"]
[Source "ChessBase"]
[SourceQuality "1"]

{[%evp 12,78,59,59,47,58,54,16,42,49,63,63,51,58,48,9,14,11,50,43,79,40,39,39,37,45,91,74,89,27,37,27,29,28,29,28,27,20,23,20,20,20,31,16,17,0,22,10,31,0,10,9,84,27,8,8,239,0,0,0,0,0,0,0,0,0,0,0,0]} 1. d4 g6 2. e4 Bg7 3. Nc3 d6 4. Nf3 a6 5. Be2 b5 6. O-O Bb7 7. Re1 Nd7 {B06: Modern Defence} 8. a4 (8. Bd3 e5 9. d5 Ne7 10. a4 b4 11. Na2 a5 12. c3 bxc3 13. Nxc3 O-O 14. Be3 {0-1 (41) Guseinov,G (2645)-Carlsen,M (2832) chess.com INT 2017}) 8... b4 9. Nd5 (9. Na2 {with more complications.} c5 10. dxc5 dxc5 11. c3 Ngf6 12. e5) 9... Ngf6 10. Nxf6+ $146 ({Predecessor:} 10. Nxb4 c5 11. dxc5 dxc5 12. Nd5 Nxe4 13. Bc4 Ndf6 14. Nxf6+ Nxf6 15. Qe2 {1-0 (70) Learte Pastor,T (2390)-Varela Mourin,J (2242) ICCF email 2009}) 10... exf6 11. a5 O-O 12. Bd3 Re8 13. Bd2 c5 $1 14. c3 bxc3 15. bxc3 Qc7 16. Rb1 Rab8 17. Bf4 Bf8 18. Ra1 Bc6 19. d5 Bb7 20. c4 (20. Bc4 $16) 20... Bc8 21. Bd2 Ne5 22. Nxe5 fxe5 23. Qc2 Bd7 24. Rab1 Be7 25. Rxb8 Rxb8 26. Rb1 Bd8 27. Rxb8 Qxb8 28. Qb1 Qc8 29. h3 h5 30. f4 exf4 31. Bxf4 Bxa5 (31... Bc7 $11) 32. Bxd6 (32. Qa1 $16 Qd8 33. Bxd6) 32... Bc3 $11 33. e5 {[#] Threatens to win with Bxg6!} Bxh3 $2 (33... Kg7 $11) 34. gxh3 $2 (34. Bxg6 $1 $18 Kg7 35. Bxh5) 34... Qxh3 {[%cal Rc3d4] The position is equal.} 35. Bxc5 Qg3+ 36. Kf1 {aiming for Be4.} Qf3+ 37. Kg1 {And now Be4 would win.} Qg3+ 38. Kf1 {Strongly threatening Be4.} Qf3+ 39. Kg1 {Black must now prevent Be4.} Qg3+ {Accuracy: White = 44%, Black = 38%.} 1/2-1/2

[Event "2nd Guotai Cup Belt Road 2019"]
[Site "Qinhuangdao"]
[Date "2019.04.19"]
[Round "4.4"]
[White "Zhang, Ziji"]
[Black "Wang, Hao"]
[Result "*"]
[WhiteElo "2414"]
[BlackElo "2726"]
[Annotator "TA"]
[PlyCount "29"]
[EventDate "2019.04.16"]
[EventType "swiss"]
[EventCountry "CHN"]
[SourceTitle "playchess.com"]
[Source "ChessBase"]
[SourceQuality "1"]

{[%evp 12,17,52,33,35,43,59,10]} 1. d4 g6 2. e4 Bg7 3. Nc3 d6 4. Nf3 a6 5. Be2 b5 6. O-O Bb7 7. Re1 {White is slightly better.} Nd7 {B06: Modern Defence} 8. a4 (8. Bd3 e5 9. d5 Ne7 10. a4 b4 11. Na2 a5 12. c3 bxc3 13. Nxc3 O-O 14. Be3 {0-1 (41) Guseinov,G (2645)-Carlsen,M (2832) chess.com INT 2017}) 8... b4 9. Nd5 {Predecessor:} Bxd5 $146 10. exd5 Ngf6 11. Bc4 Nb6 12. Qe2 Nxc4 13. Qxc4 O-O 14. Bd2 Qd7 15. Bxb4 {½-½ (41) Bescos Anzano,M (2515)-Burghoff,A (2573) ICCF email 2007} *

[Event "2nd Guotai Cup Belt Road 2019"]
[Site "Qinhuangdao"]
[Date "2019.04.19"]
[Round "4.5"]
[White "Zvjaginsev, Vadim"]
[Black "Zou, Chen"]
[Result "1/2-1/2"]
[WhiteElo "2641"]
[BlackElo "2397"]
[Annotator "TA"]
[PlyCount "41"]
[EventDate "2019.04.16"]
[EventType "swiss"]
[EventCountry "CHN"]
[SourceTitle "playchess.com"]
[Source "ChessBase"]
[SourceQuality "1"]

{[%evp 9,41,-7,-6,-3,-1,-2,-2,0,0,0,8,-25,-18,-35,-35,-61,-24,-25,-35,-44,-29,-35,-29,-38,0,-37,0,-52,0,-22,0,-53,0,-26]} 1. e4 e5 2. Nf3 Nc6 3. Nc3 Nf6 4. Be2 Bb4 5. a3 (5. Nd5 Nxd5 6. exd5 Nd4 7. Nxd4 exd4 8. O-O O-O 9. a3 Be7 10. d3 d6 11. Bg4 f5 12. Bf3 Bd7 {1-0 (29) Van Foreest,J (2631)-Postny,E (2575) Berlin 2018}) 5... Bxc3 6. dxc3 {C47: Scotch Four Knights and Four Knights with 4 g3} Nxe4 7. Nxe5 $1 {[%mdl 64] [#] Decoy} Nxe5 8. Qd5 $146 ({Predecessor:} 8. Qd4 O-O 9. Qxe5 Re8 10. Qd5 Qf6 11. O-O d6 12. Bf3 c6 {0-1 (52) Grone,L (1057)-Hesse,H (1525) Magdeburg 2012}) 8... O-O {White must now prevent ...Nxf2!} 9. Qxe4 Re8 10. O-O d5 11. Qd4 Bf5 12. Bd1 Nc6 13. Qf4 Qd7 14. Be3 Re4 15. Qg3 Re6 16. Qf4 Re4 17. Qg3 $1 Re6 18. Qf4 Re4 19. Qg3 $1 Re6 20. Qf4 Re4 21. Qg3 $1 {Accuracy: White = 81%, Black = 45%.} 1/2-1/2

[Event "2nd Guotai Cup Belt Road 2019"]
[Site "Qinhuangdao"]
[Date "2019.04.19"]
[Round "4.6"]
[White "Nie, Xinyang"]
[Black "Can, Emre"]
[Result "0-1"]
[WhiteElo "2346"]
[BlackElo "2599"]
[Annotator "TA"]
[PlyCount "122"]
[EventDate "2019.04.16"]
[EventType "swiss"]
[EventCountry "CHN"]
[SourceTitle "playchess.com"]
[Source "ChessBase"]
[SourceQuality "1"]

{[%evp 21,122,70,82,46,51,62,48,54,51,47,66,0,69,0,-6,0,0,0,0,0,0,-29,0,0,0,-24,-39,-39,-45,-66,-65,-78,-54,-59,-38,-50,-35,-30,0,0,0,0,0,0,0,0,0,0,0,-8,-8,-8,-8,-79,-79,-79,-79,-79,-79,-79,-79,-79,-79,-127,-84,-305,-301,-306,-302,-293,-293,-453,-130,-456,-454,-1573,-1461,-5427,-5393,-29974,-378,-378,-378,-376,-351,-571,-534,-443,-434,-433,-378,-1625,-1493,-1421,-1127,-4702,-4483,-6081,-6081,-5065,-2449,-2042,-1601]} 1. d4 g6 2. c4 Bg7 3. Nc3 c5 4. d5 d6 5. e4 Nf6 6. Be2 O-O 7. Be3 b5 8. cxb5 a6 9. a4 Qa5 10. Bd2 axb5 11. Bxb5 Na6 12. Nge2 {E74: King's Indian: Averbakh Variation: 6...c5} (12. Nf3 Nb4 13. O-O Ba6 14. Re1 Nd3 15. Bxd3 Bxd3 16. e5 dxe5 17. Nxe5 Qa6 18. Qf3 Bc2 19. Bg5 h6 20. Bh4 g5 21. Bg3 e6 22. Nc6 Nxd5 23. Nxd5 exd5 24. Qxd5 Qd3 25. Qxc5 Kh7 26. Nb4 {1-0 (26) Papaioannou,I (2637)-Firman,N (2512) Achaia 2017}) 12... Qb6 13. O-O Nc7 $146 ({You set blue moves yourself with the critical opening position annotation.:} 13... Bb7 14. a5 Qc7 15. Nf4 Rfb8 16. Re1 Nb4 17. Qa4 Ra7 18. Bf1 {1-0 (35) Bellmann,H (2288)-Nispel,E (1554) Germany 2001}) 14. Bc4 {White is slightly better.} Ba6 15. b3 Nd7 16. Rb1 (16. a5 $14 Qb7 17. Bg5) 16... Qa7 (16... Bxc4 $1 $11 17. bxc4 Qa6) 17. Nb5 (17. Bg5 $14 Rfe8 18. Bxa6 Qxa6 19. Qc2) 17... Bxb5 $1 $11 18. axb5 Rfb8 19. Nc3 Bxc3 20. Bxc3 Nxb5 21. Bb2 Qb6 22. Qg4 Qd8 23. Ra1 {Hoping for &Va8.} Nd4 24. Bxd4 cxd4 25. Rad1 Ne5 26. Qh4 Nxc4 (26... d3 {NOTEXT-194} 27. Rfe1 Ra2 28. Bxd3 Rxb3 29. Bf1 Qb6) 27. bxc4 e5 28. Qg3 Qc7 29. f4 Rb2 30. fxe5 dxe5 {Strongly threatening ...&Vaa2.} 31. Kh1 Raa2 (31... Qxc4 32. Qxe5 Qc2 33. Rg1 $14) 32. Rg1 $1 Rd2 33. Rxd2 Rxd2 {[%mdl 4096] General book An&B&V-An&B&V} 34. Qb3 d3 35. Qc3 Rc2 36. Qxd3 Qxc4 37. Qf3 (37. Qxc4 $11 Rxc4 38. Re1) 37... Rc3 $17 38. Qf6 Qxe4 39. d6 {And now d7 would win.} ({But not} 39. Qd8+ $2 Kg7 $19) 39... Qf5 40. Qe7 {aiming for d7.} Rd3 41. Re1 Rd5 42. h3 Kg7 $36 {[%mdl 2048] Black is in control.} 43. d7 $2 (43. Kg1 $17 {is a better defense.}) 43... Qf2 $1 $19 {[%cal Rf2e1]} ({Weaker is} 43... Rxd7 44. Qxe5+ Qxe5 45. Rxe5 $17) ({Not} 43... Qxd7 44. Qxd7 Rxd7 45. Rxe5 $17) 44. Rb1 Qf6 $1 {[%cal Rf6e7]} 45. Qe8 Qd6 $1 46. Rb5 (46. d8=R $142 Qxd8 47. Qxd8 Rxd8 48. Kg1) 46... Rd1+ $1 47. Kh2 {[#]} e4+ $1 48. Re5 (48. Qe5+ $142 Qxe5+ 49. Rxe5) 48... Qc7 49. h4 Rxd7 50. h5 Rd8 $2 (50... gxh5 {Radio} 51. Qxd7 Qxd7 52. Rxe4 Qd6+ 53. Kh1 Qg3 54. Re8 h4 55. Re7 h3 56. Re2 hxg2+ 57. Rxg2 {[#]} Qxg2+ $1 {[%mdl 512]} 58. Kxg2 Kg6 59. Kh2 Kg5 60. Kh3 f5 61. Kg3 f4+ 62. Kg2 Kg4 63. Kh2 f3 64. Kg1 Kg3 65. Kf1 h5 66. Ke1 h4 67. Kd2 h3 68. Kc3 h2 69. Kd4 f2 70. Kd3 h1=Q 71. Kc4 f1=Q+ 72. Kc5 Qb7 73. Kd4 Qbb5 74. Ke4 Qf4#) 51. Qe7 Qxe7 52. Rxe7 {An&V-An&V} Rd4 53. hxg6 $2 (53. Kg3 gxh5 54. Re5) 53... hxg6 54. Kg3 {If only White now had time for Anf4....} Kf6 55. Ra7 Rd2 56. Rb7 $2 (56. Kf4 Rxg2 57. Kxe4) 56... g5 {Black is clearly winning.} 57. Kh3 Ke6 58. g4 f6 59. Rb6+ Ke5 60. Kg3 Rd3+ 61. Kg2 Rd6 {NOTEXT-4805: Tournament = 39%, Annotator = 79%.} 0-1

[Event "2nd Guotai Cup Belt Road 2019"]
[Site "Qinhuangdao"]
[Date "2019.04.19"]
[Round "4.7"]
[White "Oleksiyenko, Mykhaylo"]
[Black "Chen, Qi b"]
[Result "1/2-1/2"]
[WhiteElo "2598"]
[BlackElo "2424"]
[Annotator "RC"]
[PlyCount "30"]
[EventDate "2019.04.16"]
[EventType "swiss"]
[EventCountry "CHN"]
[SourceTitle "playchess.com"]
[Source "ChessBase"]
[SourceQuality "1"]
[TimeControl "5400+30"]

1. e4 {[%emt 0:01:41]} e5 {[%emt 0:00:00]} 2. Nf3 {[%emt 0:00:02]} Nc6 {[%emt 0:00:00]} 3. Bc4 {[%emt 0:00:47]} Bc5 {[%emt 0:00:00]} 4. c3 {[%emt 0:00:17]} Nf6 {[%emt 0:00:10]} 5. d4 {[%emt 0:00:35]} exd4 {[%emt 0:00:06]} 6. e5 {[%emt 0:00:05]} d5 {[%emt 0:00:38]} 7. Bb5 {[%emt 0:00:10]} Ne4 {[%emt 0:00:18]} 8. cxd4 {[%emt 0:00:05]} Bb6 {[%emt 0:00:12]} 9. Nc3 {[%emt 0:00:11]} Bg4 {[%emt 0:01:15]} 10. Be3 {[%emt 0:03:30]} O-O {[%emt 0:00:32]} 11. h3 {[%emt 0:00:17]} Bh5 {[%emt 0:00:15]} 12. Qc2 {[%emt 0:00:13]} Bxf3 {[%emt 0:07:35]} 13. gxf3 {[%emt 0:01:13]} Ng5 {[%emt 0:00:06]} 14. O-O-O {[%emt 0:04:18]} Nxf3 {[%emt 0:00:17]} 15. Bxc6 {[%emt 0:00:40]} bxc6 {[%emt 0:00:04]} 1/2-1/2